| 000 | 00774nam a22002057a 4500 | ||
|---|---|---|---|
| 999 |
_c5559 _d5559 |
||
| 003 | AR-CdUCM | ||
| 008 | 190312b ||||| |||| 00| 0 spa d | ||
| 040 |
_aMUNICIPALIDAD PROVINCIAL DEL CUSCO _cBIBLIOTECA MUNICIPAL DEL CUSCO |
||
| 082 |
_a985.054 / _bD48 |
||
| 100 |
_aDelgado, Luis Humberto _916656 |
||
| 245 |
_aGuerra entre el Perú y España-1866 : _b la historia del general Mariano Ignacio Prado, con documentos originales e inéditos / |
||
| 260 |
_aLima : _bAriel editores, _c1965. |
||
| 300 |
_a168 páginas ; _bImagenes. _c18 cm. |
||
| 500 | _aDonación familia Nieto | ||
| 505 | _aContenido: Epopeya del 2 de mayo de 1866 . | ||
| 650 |
_aCombate del Dos de Mayo _916657 |
||
| 650 |
_aHistoria--Guerra con España _916658 |
||
| 942 |
_2ddc _cLIBROS |
||
| 945 | _aafb | ||